1868 1186 1689 1945 1952 1278 1286 1639 1207 1537 1124 1302 1839 1606 1599 1432 1191 1736 1650 1979 1409 1695 1059 1809 1613 1007 1587 1672 1196 1777 1762 1262 1829 1833 1678 1079 1067 1783 1106 1393 1937 1456 1710 1949 1405 1701 1935 1119 1961 1241 1764 1726 1093 1958 1100 1920 1752 1560 1504 1368 1235 1075 1031 1933 1147 1631 1494 1742 1866 1788 1050 1002 1083 1264 1071 1496 1702 1476 1766 1726 1583 1824 1714 1666 1265 1544 1161 1118 1108 1832 1015 1487 1899 1450 1372 1578 1533 1032 1967 BCNSPRNW ULIB Ver.6.0+V

เปลี่ยนเป็นภาษาไทย

Change to English
 แสดงรายละเอียดบรรณานุกรม
  กลับหน้าหลัก

Brief Record : Get Marc (ISO 2709) : E-mail record : QR code < ปิดหน้าต่าง
LEADER : 00000nam 2200000uu 4500
001    13399128654
003     ULIB
008    230925s||||||||th 000 0 tha d
020    ^a9786168313121
060 04 ^aWK818^bท331ห
100 1  ^aทอบส์, แกรี
245 10 ^aหวานซ่อนตาย :^bเปิดโปงวายร้ายสุขภาพในคราบน้ำตาล = The caseagainst sugar /^cGary Taubes ; แปลโดย ลลิตา ผลผลา
246 31 ^aThe case against sugar
250    ^aพิมพ์ครั้งที่ 1
260    ^aกรุงเทพฯ :^bบุ๊คสเคป,^c2565
300    ^a463 หน้า ;^c21 ซม.
505 0  ^aเหตุใดจึงเป็นโรคเบาหวาน -- ยาเสพติดหรืออาหาร -- 10,000 ปีแรก --เมื่อยาสูบจับคู่กับน้ำตาล -- ความชั่วร้ายที่แปลกพิลึก -- วิทยาศาสตร์ (วิบัติ)ยุคแรก -- ของขวัญที่ยังความชื่นใจไม่เสื่อมคลาย --อุตสาหกรรมน้ำตาลผู้ทรงอิทธิพล -- การแก้ต่างให้น้ำตาล --สิ่งที่พวกเขาไม่รู้ -- โจทย์แบบถ้า/แล้ว: 1 -- โจทย์แบบถ้า/แล้ว: 2
650  4 ^aน้ำตาล^xการบริโภค
650  4 ^aน้ำตาล^xแง่อนามัย
650  4 ^aโรคเกิดจากภาวะโภชนาการ
700 0  ^aลลิตา ผลผลา,^eผู้แปล
700 12 ^aTaubes, Gary,^tThe case against sugar
945    ^p0^l0^i30012
945    ^p0^l0^i30013
999    ^aกัณชพร จุลอักษร
รายการนี้ยังไม่มีแท็ก
คุณยังไม่ได้ล็อกอิน คุณสามารถมีกิจกรรมร่วมกับเว็บไซต์ได้ แต่ต้องล็อกอินก่อน ::
  ล็อกอิน

รายการสื่อสารสนเทศ

ลำดับที่ ประเภท เลขเรียก/บาร์โค้ด สถานที่ สถานะ
1. หนังสือสำรอง
หนังสือสำรอง
WK818 ท331ห ฉ.1 
  Barcode: 30012
ห้องสมุดวิทยาเขตนครสวรรค์
►หนังสือทั่วไป:l:General Books
บนชั้น
2. วิทยาศาสตร์การแพทย์ และสุขภาพ
วิทยาศาสตร์การแพทย์ และสุขภาพ
WK818 ท331ห ฉ.2 
  Barcode: 30013
ห้องสมุดวิทยาเขตนครสวรรค์
►หนังสือทั่วไป:l:General Books
บนชั้น

รายการใกล้เคียง
    ผู้แต่ง [ทอบส์, แกรี]

    หัวเรื่อง [โรคเกิดจากภาวะโภชนาการ]

BibComment


ยังไม่เคยถูกคอมเมนท์

คอมเมนท์ทรัพยากรรายการนี้
  คอมเมนท์: หวานซ่อนตาย เปิ..


 Copyright 2026. Bcnsprnw @Library